The pilgrim's progress from this world, to that which is to come : delivered under the similitude of a dream, wherein is discovered the manner of his setting out, his dangerous journey, and safe arrival at the desired country /

Bibliographic Details
Main Author: Bunyan, John, 1628-1688
Format: Microform Book
Language:English
Edition:The second edition,
Series:Early English books, 1641-1700 ; 206:1.

MARC

Tag First Indicator Second Indicator Subfields
LEADER 00000cam a2200000 a 4500
001 in00000941221
005 20150926130343.0
007 hd afv|||baca
008 850801s1678 miu a 00010 eng d
035 |a (OCoLC)12333346 
035 |9 AET4764AM 
037 |a CL0037000006  |b UMI 
037 |b University Microfilms International, 300 N. Zeeb Rd., Ann Arbor, MI 48106 
040 |a EAA  |c EAA  |d m/c  |d UtOrBLW 
049 |a TXAI 
099 |a film   |a  B   |a  3609 
100 1 |a Bunyan, John,  |d 1628-1688. 
240 1 0 |a Pilgrim's progress.  |n Part 1 
245 1 4 |a The pilgrim's progress from this world, to that which is to come :  |b delivered under the similitude of a dream, wherein is discovered the manner of his setting out, his dangerous journey, and safe arrival at the desired country /  |c by John Bunyan. 
250 |a The second edition,  |b with additions. 
264 3 |a London :  |b Printed for Nath. Ponder ...,  |c 1678. 
300 |a 13 unnumbered pages, 276 pages, 1 unnumbered page 
336 |a text  |b txt  |2 rdacontent 
337 |a microform  |b h  |2 rdamedia 
338 |a microfilm reel  |b hd  |2 rdacarrier 
500 |a Part one. Cf. BM. 
500 |a "Licensed and entred according to order" 
500 |a Reproduction of original in British Library. 
510 4 |a Wing  |c B5558 
510 4 |a Wharey  |c p. xxxi-xxxii 
500 |a Marginal notes. 
533 |a Microfilm.  |b Ann Arbor, Mich. :  |c University Microfilms,  |d 1966.  |e 1 microfilm reel ; 35 mm.  |f (Early English books, 1641-1700 ; 206:1) 
500 |a Microform. 
830 0 |a Early English books, 1641-1700 ;  |v 206:1. 
999 |a MARS 
999 f f |s e1b6bd47-1623-3405-98cd-f93aab0c5fd2  |i 7c15f582-653c-3427-9e02-5dec58dd3a04  |t 0 
952 f f |p default  |a Texas A&M University  |b College Station  |c Sterling C. Evans Library  |d Evans: Microforms (3rd floor)  |t 0  |e film B 3609 206:1  |h Other scheme  |i microform -- microfilm reel 
998 f f |a film B 3609 206:1  |t 0  |l Evans: Microforms (3rd floor)